Zdanenie medzinárodného obchodu a transakcií prostredníctvom ciel

Predmet vyberania ciel. Súvislosti predmetu vyberania ciel a určovania základu vymerania ciel. Charakteristika cla ako dane podľa rôznych kritérií členenia daní. Clá v klasifikácii daní a v klasifikácii príjmov štátneho rozpočtu SR.

Gespeichert in:
Bibliographische Detailangaben
1. Verfasser: Kubicová, Jana, 1961-
Format: Buchkapitel
Sprache:Slowakisch
Schlagworte:
Tags: Tag hinzufügen
Keine Tags, Fügen Sie das erste Tag hinzu!

MARC

LEADER 00000naa a2200000 4500
001 r033070
005 20230911131951.5
041 0 |a slo 
044 |a SK 
245 1 0 |a Zdanenie medzinárodného obchodu a transakcií prostredníctvom ciel  |c Jana Kubicová 
520 |a Predmet vyberania ciel. Súvislosti predmetu vyberania ciel a určovania základu vymerania ciel. Charakteristika cla ako dane podľa rôznych kritérií členenia daní. Clá v klasifikácii daní a v klasifikácii príjmov štátneho rozpočtu SR. 
610 2 0 |a clá 
610 2 0 |a dovoz 
610 2 0 |a dane nepriame 
610 2 0 |a sadzby colné 
610 2 0 |a dane spotrebné 
610 2 0 |a osoby fyzické 
610 2 0 |a osoby právnické 
610 2 0 |a Slovensko 
100 1 |a Kubicová, Jana, 1961-